Quantity surveyors, computers and project management. 31 January 1989, The Barbican, London (Record no. 92461)

MARC details
000 -LEADER
fixed length control field 00833cam a2200253 4500
001 - CONTROL NUMBER
control field B2262
008 - FIXED-LENGTH DATA ELEMENTS--GENERAL INFORMATION
fixed length control field 090401t1989 xxu||||| |||| 00| 0 eng d
035 ## - SYSTEM CONTROL NUMBER
System control number (Sirsi) u49003
041 ## - LANGUAGE CODE
Language code of text/sound track or separate title eng
050 ## - LIBRARY OF CONGRESS CALL NUMBER
Classification number 692.50285
090 ## - LOCALLY ASSIGNED LC-TYPE CALL NUMBER (OCLC); LOCAL CALL NUMBER (RLIN)
Classification number (OCLC) (R) ; Classification number, CALL (RLIN) (NR) RICS 1989/22 ABCD
110 ## - MAIN ENTRY--CORPORATE NAME
Corporate name or jurisdiction name as entry element Institution and College Conferences
9 (RLIN) 2330
245 ## - TITLE STATEMENT
Title Quantity surveyors, computers and project management. 31 January 1989, The Barbican, London
260 ## - PUBLICATION, DISTRIBUTION, ETC.
Place of publication, distribution, etc. London
Name of publisher, distributor, etc. Institution and College Conferences
Date of publication, distribution, etc. 1989
300 ## - PHYSICAL DESCRIPTION
Extent 5 papers
350 ## - PRICE (NR) (BK AM CF MU VM SE) [OBSOLETE]
Price 0
520 ## - SUMMARY, ETC.
Summary, etc. Papers by Barnes,M. , Evans,T. , Hamson,F. , Curran,J. with Christies,C. , and Kirkham,J. with Brandon,P. .
650 ## - SUBJECT ADDED ENTRY--TOPICAL TERM
Topical term or geographic name entry element COMPUTERS
650 ## - SUBJECT ADDED ENTRY--TOPICAL TERM
Topical term or geographic name entry element CONFERENCE
650 ## - SUBJECT ADDED ENTRY--TOPICAL TERM
Topical term or geographic name entry element MANAGEMENT-PROJECT MANAGEMENT
650 ## - SUBJECT ADDED ENTRY--TOPICAL TERM
Topical term or geographic name entry element BUILT ENVIRONMENT-QUANTITY SURVEYING
942 ## - ADDED ENTRY ELEMENTS (KOHA)
Suppress in OPAC 0
948 ## - LOCAL PROCESSING INFORMATION (OCLC); SERIES PART DESIGNATOR (RLIN)
c (OCLC) 04/03/1997
Holdings
Withdrawn status Lost status Source of classification or shelving scheme Damaged status Not for loan Home library Current library Shelving location Date acquired Total Checkouts Full call number Barcode Date last seen Copy number Price effective from Koha item type
    Dewey Decimal Classification     London London RICS Boxes 14/08/1991   RICS 1989/22 30019296 06/08/2019 1 06/08/2019 Book
    Dewey Decimal Classification     London London RICS Boxes 14/08/1991   RICS 1989/22 30019300 06/08/2019 2 06/08/2019 Reference material
    Dewey Decimal Classification     London London RICS Boxes 14/09/1999   RICS 1989/22 30032037 06/08/2019 3 06/08/2019 Archive